Lima

Enregistré dans:
Détails bibliographiques
Auteur principal: Günther Doering, Juan (Auteur)
Autres auteurs: Lohmann Villena, Guillermo (autor)
Format: Livre
Langue:espagnol
Publié: Madrid MAPFRE 1992
Collection:Colección ciudades de Iberoamérica, 4
Sujets:
Tags: Ajouter un tag
Pas de tags, Soyez le premier à ajouter un tag!

MARC

LEADER 00000nam a2200000 a 4500
001 UCX6947
003 CL-VaPUC
008 930902e19920000SP |||||||||||||||||spa|d
082 0 4 |a 985.25  |b GUN  |2 21 
100 0 |a Günther Doering, Juan  |e author  |9 323644 
700 |a Lohmann Villena, Guillermo  |e autor  |9 478240 
245 1 0 |a Lima 
300 |a 340 p 
942 |c BK 
945 |d 19930902 00:00:00 
260 |a Madrid  |b MAPFRE  |c 1992 
500 |a Incluye síntesis biográfica de personajes de la época 
650 0 |a Historia  |9 255047 
651 0 |a Lima, Perú  |9 323646 
583 |a last modification  |c 19930902 00:00:00  |k Rodrigo Vera 
490 0 |a Colección ciudades de Iberoamérica, 4 
999 |c 226883  |d 226881 
952 |0 0  |1 0  |4 0  |6 985_250000000000000_GUN_1992  |7 0  |8 A  |9 225527  |a BIBHIS  |b BIBHIS  |d 2019-11-15  |i 2942038  |o 985.25 GUN 1992  |p 2942038  |r 2025-01-20  |w 2019-11-15  |y BK  |k HIS